Frontiers of financial management: selected readings
Gorde:
| Egile Nagusiak: | , , |
|---|---|
| Formatua: | Liburua |
| Hizkuntza: | ingelesa |
| Argitaratua: |
Cincinnati
South-Western
1971
|
| Gaiak: | |
| Etiketak: |
Etiketa erantsi
Etiketarik gabe, Izan zaitez lehena erregistro honi etiketa jartzen!
|
MARC
| LEADER | 00000nam a2200000 a 4500 | ||
|---|---|---|---|
| 001 | UCR9605 | ||
| 003 | CL-VaPUC | ||
| 008 | 980613e19710000US |||||||||||||||||eng|d | ||
| 082 | 0 | 4 | |a 658.15 |b SER |2 21 |
| 100 | 0 | |a Serraino, William J |e author |9 412314 | |
| 700 | 0 | |a Singhvi, Surendra S |e author |9 412315 | |
| 700 | 0 | |a Soldofsky, Robert M |e author |9 412316 | |
| 245 | 1 | 0 | |a Frontiers of financial management: selected readings |
| 300 | |a 462 p | ||
| 942 | |c BK | ||
| 945 | |d 19980613 00:00:00 |a cmena | ||
| 260 | |a Cincinnati |b South-Western |c 1971 | ||
| 650 | 0 | |a Administración financiera |9 261146 | |
| 650 | 0 | |a Finanzas |9 260832 | |
| 650 | 0 | |a Ahorro |9 351157 | |
| 650 | 0 | |a Capital |9 263726 | |
| 650 | 0 | |a Administración de empresas |9 260833 | |
| 650 | 0 | |a Contabilidad de costos |9 260564 | |
| 650 | 0 | |a Costos |9 261063 | |
| 583 | |a last modification |c 19980613 00:00:00 |k Rodrigo Vera | ||
| 999 | |c 270791 |d 270789 | ||
| 952 | |0 0 |1 0 |4 0 |6 658_150000000000000_SER_1971 |7 0 |8 P |9 305193 |a BIBGIM |b BIBGIM |d 2019-11-20 |i 1419463 |o 658.15 SER 1971 |p 1419463 |r 2025-01-15 |w 2019-11-20 |y BK |k COM | ||